Principles of Risk Management and Insurance

Saved in:
Bibliographic Details
Main Author: Brokešová, Zuzana, 1985-
Other Authors: Garvey, John, Kacim, Mohammad, Manikowski, Piotr, Yinghui, Yu, Ralph W. "Reyn", Norman, Powell, Holland J., Ren, Yayuan, Rielmiller, Mike, Stano, Philip, Steves, Scott T., Svoboda, Don, Wiening, Eric, Workman, Milicient W., Gatfaoui, Hayette, Jianfeng, Hu
Format: Book
Language:English
Published: Harlow Pearson Education 2022
Edition:14th Edition, Global Edition
Subjects:
Tags: Add Tag
No Tags, Be the first to tag this record!

MARC

LEADER 00000nam a2200000 4500
001 0283424
005 20240502083911.8
020 |a 978-1-292-34974-9 
020 |a 1-292-34974-3 
041 0 |a eng 
044 |a GB 
245 1 0 |a Principles of Risk Management and Insurance  |c George E. Rejda, Michael J. McNamara, William H. Rabel ; Reviewers: Hayette Gatfaoui, Hu Jianfeng... [et al.] 
250 |a 14th Edition, Global Edition 
264 1 |a Harlow  |b Pearson Education  |c 2022 
300 |a 732 s. [36,6 AH] 
610 2 0 |a riziko 
610 2 0 |a riadenie rizík 
610 2 0 |a poistenie 
610 2 0 |a poisťovníctvo 
610 2 0 |a operácie poistné 
610 2 0 |a regulácia štátna 
610 2 0 |a zmluvy poistné 
610 2 0 |a poistenie životné 
610 2 0 |a poistenie zdravotné 
610 2 0 |a poistenie sociálne 
610 2 0 |a poistenie dopravné 
610 2 0 |a poistenie vozidiel motorových 
610 2 0 |a poistenie majetku 
610 2 0 |a poistenie zodpovednosti za škody 
610 2 0 |a poistenie zodpovednostné 
100 1 |a Brokešová, Zuzana, 1985- 
700 1 |a Garvey, John 
700 1 |a Kacim, Mohammad 
700 1 |a Manikowski, Piotr 
700 1 |a Yinghui, Yu 
700 1 |a Ralph W. "Reyn", Norman 
700 1 |a Powell, Holland J. 
700 1 |a Ren, Yayuan 
700 1 |a Rielmiller, Mike 
700 1 |a Stano, Philip 
700 1 |a Steves, Scott T. 
700 1 |a Svoboda, Don 
700 1 |a Wiening, Eric 
700 1 |a Workman, Milicient W. 
700 1 |a Gatfaoui, Hayette 
700 1 |a Jianfeng, Hu